| 000 | 01180nab a22002537a 4500 | ||
|---|---|---|---|
| 999 |
_c5569 _d5569 |
||
| 003 | OSt | ||
| 005 | 20251218105302.0 | ||
| 008 | 190429b xxu||||| |||| 00| 0 spa d | ||
| 040 | _cPJ | ||
| 100 |
_96547 _aObiaño, Pablo Over |
||
| 245 | 1 | 3 |
_aLa trata de personas, las víctimas de explotación sexual y el derecho a una reparación integral / _cPablo Over Obiaño. |
| 260 |
_cCiudad Autónoma de Buenos Aires : _aThomson Reuters La Ley, _b2025. |
||
| 300 | _ap. 9-21 | ||
| 500 | _aCita: TR LALEY AR/DOC/725/2025. | ||
| 505 | _aSumario: I. Introducción.— II. Violencia de género en la trata sexual. Magnitud.— III. Reparación integral.— IV. Conclusiones.— V. Bibliografía. | ||
| 505 | _tSi te interesa el texto completo, solicitalo a koha@justierradelfuego.gov.ar | ||
| 650 | 0 |
_9343 _aDERECHO PENAL |
|
| 650 | 0 |
_93056 _aTRATA DE PERSONAS |
|
| 650 | 0 |
_92902 _aDELITOS CONTRA LA INTEGRIDAD SEXUAL |
|
| 650 | 0 |
_94077 _aREPARACION INTEGRAL |
|
| 650 | 0 |
_93053 _aVIOLENCIA DE GÉNERO |
|
| 773 | 0 |
_02658 _93164 _tRevista de derecho penal y criminología. Nº 4 - Mayo 2025 _dCiudad Autónoma de Buenos Aires : Thomson Reuters La Ley, 2017- _x00347914 |
|
| 942 |
_2udc _cANA |
||